| 000 | 00765cam a2200193Ia 4500 | ||
|---|---|---|---|
| 020 | _a0949511188 | ||
| 040 | _cDJB | ||
| 082 | 0 | 0 | _a630 AUS 1985 A039 Or. |
| 245 | 0 | 0 |
_aAgricultural systems research for developing countries : _bproceedings of an international workshop held at Hawkesbury Agricultural College, Richmond, N.S.W., Australia / |
| 260 |
_aCanberra : _bAustralian Centre for International Agricultural Research, _c1985 |
||
| 300 |
_a189 p. : _bill. ; _c24 cm |
||
| 500 | _a"Workshop coordinating committee: J. Brian Hardaker ... [et al.]." | ||
| 650 | 0 | _aAgriculture | |
| 650 | 0 | _aAgricultural systems | |
| 650 | 0 | _aAgriculture | |
| 650 | 0 | _aAgricultural systems | |
| 710 | 2 | _aAustralian Centre for International Agricultural Research | |
| 942 | _cEK | ||
| 999 |
_c11994 _d11994 |
||